[Event "Heading Towards Summer"]
[Site "SchemingMind.com"]
[Date "2023.08.04"]
[Round "-"]
[White "Hisjazzrabbit"]
[Black "Chessibelle"]
[Result "1-0"]
[WhiteCountry "FRA"]
[BlackCountry "ENG"]
[WhiteElo "1487"]
[WhiteRD "105"]
[BlackElo "1126"]
[BlackRD "58"]
[GameID "736110"]

1. e4 e5 2. Nf3 d6 3. d4 Bd7 4. dxe5 Qc8 5. Bd3 g6 6. exd6 Bxd6 7. e5 Bb4+ 8. Bd2 Bc5 9. O-O a6 10. Qe2 b5
11. Be4 Ra7 12. b4 Be7 13. Be3 c5 14. a3 Bf8 15. c3 Be6 16. Nbd2 Ne7 17. bxc5 Nec6 18. Rfe1 h5 19. Nh4 Nxe5 20. Bd4 Bg7
21. Rec1 f6 22. h3 Bf8 23. Nxg6 Nxg6 24. Bxg6+ Ke7 25. Nf3 Rg8 26. Bxh5 Bh6 27. Rd1 Bf4 28. g4 Nc6 29. Qe4 Bh6 30. Qh7+ Kd8
31. Bxf6#
1-0

[Event "Heading Towards Summer"]
[Site "SchemingMind.com"]
[Date "2023.08.04"]
[Round "-"]
[White "Chessibelle"]
[Black "Hisjazzrabbit"]
[Result "0-1"]
[WhiteCountry "ENG"]
[BlackCountry "FRA"]
[WhiteElo "1126"]
[WhiteRD "58"]
[BlackElo "1487"]
[BlackRD "105"]
[GameID "736111"]

1. Nf3 Nf6 2. d4 g6 3. g3 Bg7 4. e3 O-O 5. Be2 d5 6. O-O Bh3 7. Re1 c6 8. Ng5 Bc8 9. b3 b5 10. Kg2 h6
11. Nf3 Ne4 12. Rf1 Na6 13. Nbd2 f5 14. h4 Be6 15. Ne5 Bxe5 16. f4 Bd6 17. Nf3 Qa5 18. Nd2 Bb4 19. Nf3 Nc3 20. Qd3 Nxe2
21. Qxe2 Bc8 22. Ne5 Rf6 23. Nxc6 Rxc6 24. Rf2 e6 25. Rf1 Bc3 26. a4 Bxa1 27. Bd2 Bc3 28. Bc1 bxa4 29. g4 a3 30. Rd1 a2
31. Bd2 a1=Q 32. Bc1 Qc7 33. Kg3 Qd8 34. gxf5 exf5 35. Kh3 Nc7 36. Qg2 Ne8 37. Qxg6+ Rxg6
0-1

[Event "Heading Towards Summer"]
[Site "SchemingMind.com"]
[Date "2023.08.04"]
[Round "-"]
[White "Hisjazzrabbit"]
[Black "wight knight"]
[Result "0-1"]
[WhiteCountry "FRA"]
[BlackCountry "ENG"]
[WhiteElo "1372"]
[WhiteRD "104"]
[BlackElo "1253"]
[BlackRD "58"]
[GameID "736112"]

1. e4 e5 2. Nf3 f6 3. d4 g5 4. dxe5 Bh6 5. e6 dxe6 6. Qxd8+ Kxd8 7. e5 g4 8. Bxh6 Nxh6 9. Nfd2 fxe5 10. Ne4 b6
11. Nbd2 Ba6 12. Bxa6 Nxa6 13. Nc4 Ke7 14. Nxe5 Nc5 15. Ng3 Nf5 16. Nxf5+ exf5 17. Nc6+ Kf6 18. O-O-O Ne4 19. Rhf1 h5 20. f3 gxf3
21. gxf3 Nc5 22. h4 a5 23. Rg1 a4 24. a3 Rhg8 25. Rge1 Rae8 26. Na7 Rxe1 27. Rxe1 Rg3 28. Rf1 Rh3 29. Nb5 Rxh4 30. Nxc7 Ke5
31. Kd2 Rh2+ 32. Kc3 h4 33. Re1+ Kf4 34. Rf1 Kg3 35. f4 Ne4+ 36. Kb4 Rxc2 37. Ne6 Rxb2+ 38. Kxa4 h3 39. Ng5 Nc3#
0-1

[Event "Heading Towards Summer"]
[Site "SchemingMind.com"]
[Date "2023.08.04"]
[Round "-"]
[White "wight knight"]
[Black "Hisjazzrabbit"]
[Result "1-0"]
[WhiteCountry "ENG"]
[BlackCountry "FRA"]
[WhiteElo "1253"]
[WhiteRD "58"]
[BlackElo "1372"]
[BlackRD "104"]
[GameID "736113"]

1. e4 c5 2. Bc4 e5 3. Nf3 Nc6 4. h4 h6 5. c3 d6 6. h5 Be6 7. Bxe6 fxe6 8. Nh4 Nge7 9. Ng6 Nxg6 10. hxg6 a6
11. Qf3 Qf6 12. Qxf6 gxf6 13. d3 Ne7 14. g7 Bxg7 15. g4 O-O-O 16. Be3 Bf8 17. b4 Nc6 18. Na3 Ne7 19. bxc5 dxc5 20. Ke2 Nc6
21. Nc4 Kc7 22. f4 b5 23. fxe5 bxc4 24. dxc4 fxe5 25. a4 Na5 26. g5 h5 27. g6 Nb7 28. Rhg1 Bg7 29. Rgf1 Nd6 30. Bxc5 Nxc4
31. Ra2 h4 32. Rf7+ Kc6 33. Rxg7 Kxc5 34. Rc7+ Kd6 35. Ra7 a5 36. Ra6+ Ke7 37. Ke1 h3 38. Rh2 Rd6 39. Ra7+ Kf6 40. g7 Rg8
41. Rxh3 Rxg7 42. Rf3+ Kg6 43. Rg3+ Kf6 44. Rf3+ Kg6 45. Rg3+ Kh6 46. Raxg7 Nb2 47. R7g5 Nd3+ 48. Kf1 Nc5 49. Rxe5 Nxa4 50. Rxa5 Nb2
51. Ra2 Nc4 52. Rh2#
1-0

[Event "Heading Towards Summer"]
[Site "SchemingMind.com"]
[Date "2023.08.02"]
[Round "-"]
[White "Mitch The Man"]
[Black "cnile"]
[Result "0-1"]
[WhiteCountry "USA"]
[BlackCountry "SCO"]
[WhiteElo "1239"]
[WhiteRD "67"]
[BlackElo "1384"]
[BlackRD "58"]
[GameID "736156"]

1. d4 Nf6 2. Nc3 d5 3. e3 e6 4. Be2 Bb4 5. Bf3 O-O 6. Ne2 c5 7. O-O Nc6 8. Nb1 cxd4 9. exd4 Bd7 10. c3 Bd6
11. b4 Rc8 12. Bg5 h6 13. Be3 Ne7 14. Na3 a6 15. Qb3 e5 16. g3 e4 17. Bg2 Ng6 18. Rfc1 h5 19. Bg5 Be7 20. Bxf6 Bxf6
21. Qxd5 Re8 22. Qb3 b5 23. Nf4 Nxf4 24. h3 Nxg2 25. Kxg2 Bc6 26. Kg1 e3 27. Kf1 e2+ 28. Ke1 Bf3 29. Rc2 Qd5 30. Qxd5 Bxd5
31. Rxe2 Rxe2+ 32. Kxe2 Rxc3 33. Nb1 Bc4+ 34. Kd2 Rf3 35. Ke1 Bxd4
0-1

[Event "Heading Towards Summer"]
[Site "SchemingMind.com"]
[Date "2023.08.02"]
[Round "-"]
[White "cnile"]
[Black "Mitch The Man"]
[Result "1-0"]
[WhiteCountry "SCO"]
[BlackCountry "USA"]
[WhiteElo "1384"]
[WhiteRD "58"]
[BlackElo "1239"]
[BlackRD "67"]
[GameID "736157"]

1. e4 e5 2. f4 exf4 3. Nf3 Be7 4. h4 Nh6 5. Bc4 O-O 6. O-O Bf6 7. d4 d6 8. Bxf4 Ng4 9. Nc3 Bxh4 10. Ng5 Bxg5
11. Qd2 Bxf4 12. Qxf4 Nf6 13. Rae1 Nbd7 14. e5 dxe5 15. dxe5 Nh5 16. Bxf7+ Rxf7 17. Qxf7+ Kh8 18. Qxh5 c6 19. Rd1 Nf8 20. Rxd8
1-0

[Event "Heading Towards Summer"]
[Site "SchemingMind.com"]
[Date "2023.08.05"]
[Round "-"]
[White "cnile"]
[Black "Hisjazzrabbit"]
[Result "0-1"]
[WhiteCountry "SCO"]
[BlackCountry "FRA"]
[WhiteElo "1384"]
[WhiteRD "58"]
[BlackElo "1386"]
[BlackRD "121"]
[GameID "736158"]

1. e4 c5 2. Nf3 Nc6 3. d4 cxd4 4. Nxd4 Nf6 5. Nc3 e5 6. Ndb5 a6 7. Nd6+ Ke7 8. Nf5+ Ke8 9. Bg5 h6 10. Bxf6 gxf6
11. Nd6+ Bxd6 12. Qg4 Ne7 13. O-O-O Rg8 14. Qf5 Nxf5
0-1

[Event "Heading Towards Summer"]
[Site "SchemingMind.com"]
[Date "2023.08.05"]
[Round "-"]
[White "Hisjazzrabbit"]
[Black "cnile"]
[Result "1-0"]
[WhiteCountry "FRA"]
[BlackCountry "SCO"]
[WhiteElo "1385"]
[WhiteRD "102"]
[BlackElo "1422"]
[BlackRD "64"]
[GameID "736159"]

1. e4 e6 2. d4 d5 3. Nc3 Bb4 4. e5 c5 5. Ne2 Nc6 6. Be3 cxd4 7. Bxd4 Nge7 8. g4 a6 9. Qd2 b5 10. O-O-O Ng6
11. Qe3 O-O 12. Qg3 Nxd4 13. Rxd4 Qg5+ 14. f4 Qe7 15. h4 Rd8 16. g5 Bd7 17. Bg2 a5 18. Rdd1 Rdc8 19. h5 Nf8 20. h6 g6
21. a3 Bc5 22. Nb1 b4 23. axb4 axb4 24. c4 Ra1 25. b3 Be8 26. Kd2 Ra2+ 27. Ke1 dxc4 28. bxc4 Ba4 29. Rd2 Rxd2 30. Nxd2 Qa7
31. Ne4 b3 32. Nxc5 Qxc5 33. Qc3 Rb8 34. Be4 b2 35. Kd2 b1=Q 36. Bxb1 Rd8+ 37. Bd3 Qf2 38. Qa5 Qd4 39. Nxd4
1-0

[Event "Heading Towards Summer"]
[Site "SchemingMind.com"]
[Date "2023.08.03"]
[Round "-"]
[White "cnile"]
[Black "Arthur Wilding"]
[Result "1-0"]
[WhiteCountry "SCO"]
[BlackCountry "WLS"]
[WhiteElo "1384"]
[WhiteRD "58"]
[BlackElo "1152"]
[BlackRD "61"]
[GameID "736160"]

1. e4 e6 2. d4 d5 3. exd5 exd5 4. Bd3 Nf6 5. Ne2 Nc6 6. Bg5 Be7 7. Nbc3 Nb4 8. O-O Nxd3 9. Qxd3 Bg4 10. Bxf6 Bxf6
11. Rfe1 O-O 12. Nf4 Qd7 13. Nfxd5 Bf5 14. Nxf6+ gxf6 15. Qg3+ Kh8 16. Qf4 Rae8 17. Rad1 Rxe1+ 18. Rxe1 Bxc2 19. Qxf6+ Kg8 20. Ne4 Bxe4
21. Rxe4 Qb5 22. Rg4+
1-0

[Event "Heading Towards Summer"]
[Site "SchemingMind.com"]
[Date "2023.08.02"]
[Round "-"]
[White "Arthur Wilding"]
[Black "cnile"]
[Result "0-1"]
[WhiteCountry "WLS"]
[BlackCountry "SCO"]
[WhiteElo "1152"]
[WhiteRD "61"]
[BlackElo "1384"]
[BlackRD "58"]
[GameID "736161"]

1. d4 Nf6 2. e3 d6 3. Nf3 g6 4. Nc3 Bg7 5. Bb5+ c6 6. Be2 O-O 7. O-O Nbd7 8. b3 e5 9. Bb2 e4 10. Nd2 d5
11. Kh1 Kh8 12. Bg4 Nxg4 13. Ne2 Ndf6 14. Ng3 Qc7 15. Kg1 Bd7 16. a4 Nh5 17. Ba3 f5 18. f4 Nxe3 19. Qe2 Nxf1 20. Nxh5 Rfe8
21. Nxg7 Kxg7 22. Rxf1 Re6 23. c4 Rae8 24. Qxe4 fxe4 25. cxd5 e3
0-1

[Event "Heading Towards Summer"]
[Site "SchemingMind.com"]
[Date "2023.08.03"]
[Round "-"]
[White "cnile"]
[Black "ray winteringham"]
[Result "1-0"]
[WhiteCountry "SCO"]
[BlackCountry "ENG"]
[WhiteElo "1384"]
[WhiteRD "58"]
[BlackElo "1431"]
[BlackRD "46"]
[GameID "736162"]

1. e4 c5 2. Nf3 Nc6 3. d4 Nxd4 4. Nxd4 cxd4 5. Qxd4 d6 6. Bc4 e5 7. Qd3 Nf6 8. Nc3 Be7 9. Be3 O-O 10. f3 Bd7
11. O-O a6 12. a3 Qc7 13. b4 h6 14. Nd5 Qd8 15. Bb6 Qc8 16. Nxe7+
1-0

[Event "Heading Towards Summer"]
[Site "SchemingMind.com"]
[Date "2023.08.02"]
[Round "-"]
[White "ray winteringham"]
[Black "cnile"]
[Result "1-0"]
[WhiteCountry "ENG"]
[BlackCountry "SCO"]
[WhiteElo "1431"]
[WhiteRD "46"]
[BlackElo "1384"]
[BlackRD "58"]
[GameID "736163"]

1. e4 c6 2. d4 d5 3. e5 c5 4. dxc5 Qa5+ 5. Bd2 Qxc5 6. Be3 Qa5+ 7. c3 e6 8. Be2 Nc6 9. Nf3 Nge7 10. O-O Ng6
11. Bd4 Bd7 12. a3 Qc7 13. c4 Nxd4 14. Qxd4 Bc5 15. Qd2 Nxe5 16. b4 Be7 17. cxd5 exd5 18. Nc3 Nxf3+ 19. Bxf3 Be6 20. Rfc1 O-O
21. Qd1 Rac8 22. Ne2 Qb6 23. h3 Rfd8 24. Kf1 Bf6 25. Qe1 Bxa1 26. Rxa1 h6 27. Kg1 Rc2 28. Qb1 Rdc8 29. Ra2 Rxa2 30. Qxa2 d4
31. Qd2 Rd8 32. Ng3 d3 33. Kf1 Bc4 34. Kg1 Qf6 35. a4 Qd6 36. Nf5 Qd4 37. Nxd4 Rxd4 38. Bxb7 Rd7 39. Be4 Re7 40. Bf3 Rd7
41. Bc6
1-0

[Event "Heading Towards Summer"]
[Site "SchemingMind.com"]
[Date "2023.08.02"]
[Round "-"]
[White "cnile"]
[Black "Chessibelle"]
[Result "1-0"]
[WhiteCountry "SCO"]
[BlackCountry "ENG"]
[WhiteElo "1384"]
[WhiteRD "58"]
[BlackElo "1106"]
[BlackRD "57"]
[GameID "736164"]

1. e4 e5 2. Nf3 d6 3. Bc4 h6 4. Nc3 Nf6 5. d4 Bd7 6. O-O Be7 7. dxe5 Nh7 8. Bf4 O-O 9. Qe2 a6 10. Rad1 Kh8
11. Nd5 f6 12. Nxe7 Qxe7 13. exd6 Qe8 14. dxc7 Nc6 15. Bd6 Qh5 16. Bxf8 Nxf8 17. Rfe1 Rc8 18. e5 Qg6 19. e6 Be8 20. e7 Nd7
21. Qe6 Qh7 22. Rxd7 b5 23. Qxc6 bxc4 24. Rd8 g5 25. Qxe8+ Kg7 26. Qf8+ Kg6 27. e8=Q+ Kf5 28. Qe4#
1-0

[Event "Heading Towards Summer"]
[Site "SchemingMind.com"]
[Date "2023.08.02"]
[Round "-"]
[White "Chessibelle"]
[Black "cnile"]
[Result "0-1"]
[WhiteCountry "ENG"]
[BlackCountry "SCO"]
[WhiteElo "1106"]
[WhiteRD "57"]
[BlackElo "1384"]
[BlackRD "58"]
[GameID "736165"]

1. Nf3 Nf6 2. d4 e6 3. Bd2 b6 4. g3 Bb7 5. e3 c5 6. Be2 Be7 7. O-O d5 8. b3 O-O 9. Nc3 Nc6 10. Bd3 cxd4
11. Nb5 Rc8 12. exd4 a6 13. Nc3 b5 14. Ne2 Qb6 15. c3 Na5 16. Re1 Nc6 17. Rb1 a5 18. a4 b4 19. Bc2 Ba6 20. Nf4 Rfe8
21. Ng5 h6 22. Ngh3 bxc3 23. Bxc3 Nb4 24. Rb2 Nxc2 25. Rxc2 Qxb3 26. Re3 Bb4 27. Ne2 Qxa4 28. Kg2 Bxe2 29. Qxe2 Bxc3 30. Nf4 Bxd4
31. Rd3 Rxc2 32. Rd2 Rxd2 33. Qxd2 Rc8 34. Nd3 Rc2 35. Qf4 Ne4 36. Qb8+ Kh7 37. Kf3 Ng5+ 38. Kg2 Qc4 39. Ne5 Rxf2+ 40. Kg1 Qf1#
0-1

[Event "Heading Towards Summer"]
[Site "SchemingMind.com"]
[Date "2023.08.02"]
[Round "-"]
[White "cnile"]
[Black "wight knight"]
[Result "0-1"]
[WhiteCountry "SCO"]
[BlackCountry "ENG"]
[WhiteElo "1384"]
[WhiteRD "58"]
[BlackElo "1203"]
[BlackRD "60"]
[GameID "736166"]

1. e4 e5 2. f4 exf4 3. Nf3 f6 4. h4 b6 5. d4 Ba6 6. Bxa6 Nxa6 7. Bxf4 Bd6 8. Bxd6 cxd6 9. Nc3 Nh6 10. a3 Ng4
11. Qe2 Nc7 12. O-O-O Ne6 13. Rhe1 Nf4 14. Qf1 O-O 15. Qc4+ Kh8 16. Qf1 Qc7 17. Kb1 a5 18. g3 Ne6 19. Nb5 Qc6 20. d5 Qc5
21. dxe6 Ne3 22. Nbd4 Nxf1
0-1

[Event "Heading Towards Summer"]
[Site "SchemingMind.com"]
[Date "2023.08.02"]
[Round "-"]
[White "wight knight"]
[Black "cnile"]
[Result "0-1"]
[WhiteCountry "ENG"]
[BlackCountry "SCO"]
[WhiteElo "1178"]
[WhiteRD "64"]
[BlackElo "1380"]
[BlackRD "60"]
[GameID "736167"]

1. e4 c6 2. Bc4 g6 3. Qf3 Nh6 4. d3 e6 5. Bxh6 Bxh6 6. Nh3 O-O 7. Nf4 Bg7 8. Nd2 Bxb2 9. Rb1 Bg7 10. O-O d5
11. exd5 exd5 12. Bb3 Bf5 13. g4 Bd7 14. h4 Qxh4 15. Qh3 Qxg4+ 16. Qxg4 Bxg4 17. f3 Bf5 18. Rbe1 Nd7 19. a4 Nc5 20. d4 Bxd4+
21. Kg2 Rfe8 22. Rxe8+ Rxe8 23. c4 Nxb3 24. Nxb3 Bf6 25. c5 Bg5 26. a5 Bxf4 27. Nd4 Bd7 28. Rb1 Bc8 29. Kf2 Be3+ 30. Kg3 Bxd4
31. f4 Re3+ 32. Kg2 Bh3+ 33. Kh2 Bf5 34. Rxb7 Bxc5 35. Rc7 Ra3 36. Rxc6 Rh3+ 37. Kg2 Rc3 38. a6 Be4+ 39. Kf1 Bd3+ 40. Kg2 Be4+
41. Kh2 Bg1+ 42. Kxg1 Rxc6 43. Kf2 h5 44. Kg3 Rxa6
0-1